Personas y lugares : fragmentos de autobiografía /

Uloženo v:
Podrobná bibliografie
Hlavní autor: Santayana, George (autor)
Médium: Kniha
Jazyk:španělština
Vydáno: Madrid, España : Trotta, 2002, c2002
Edice:(La Dicha de Enmudecer)
Témata:
Tagy: Přidat tag
Žádné tagy, Buďte první, kdo vytvoří štítek k tomuto záznamu!

MARC

LEADER 00000nam^a2200000^a^4500
001 000179418
005 20250521000000.0
009 20260310101824.281
020 |a 84-8164-536-2 
037 |a Acervo ITESO - Biblioteca 
041 |a ESP 
082 |a 810. 92  |b SAN 
100 |a Santayana, George  |e (autor) 
245 1 0 |a Personas y lugares :  |b fragmentos de autobiografía /  |c G. Santayana ; introd. de Richard C. Lyon ; tr. por Pedro García Martín. 
264 4 |a Madrid, España :  |b Trotta,  |c 2002, c2002 
300 |a 593 p. 
336 |a texto  |b txt  |2 rdacontenido 
337 |a sin mediación  |b n  |2 rdamedio 
338 |a volumen  |b nc  |2 rdasoporte 
440 4 |a (La Dicha de Enmudecer) 
500 |a Traducción de: Persons and Places 
649 |a XX 
650 |a Escritores Españoles -  |x Memorias 
650 |a Escritores Norteamericanos -  |x Memorias 
650 |a Filósofos Españoles -  |x Memorias 
650 |a Filósofos Norteamericanos -  |x Memorias 
650 |a Memorias Norteamericanas 
650 |a Literatura Norteamericana -  |y Siglo XX 
650 |a Santayana, George -  |x Tema Principal 
910 |a Fondo General 
920 |a Impresos - Libros 
930 |a Colección General 
940 |a Literatura 
905 |a 101 
901 |a 0500118444  |b IT1  |c LIT  |u 20250521 
902 |a https://opac.biblio.iteso.mx/vufind/Record/000179418